A-Z: words ending in M - Statistics

General Stats
  • This quiz has been taken 55 times
  • The average score is 17 of 26
Answer Stats
Initial letter Clue Word ending in M % Correct
J Fruity condiment spread on toast Jam
94%
M Neither high nor low; a moderate value Medium
92%
K Realm, monarchy Kingdom
88%
W Fairly hot Warm
88%
C Peace Calm
86%
D Low-lit Dim
86%
E Large deciduous tree Elm
84%
U Radioactive element used in nuclear power Uranium
84%
H The wives of a polygamous man Harem
80%
F Preposition denoting the ablative (movement away), similar to "of" From
78%
P Element with symbol K, important for nerve functioning Potassium
78%
Q Type of physics concerned with discrete values at the atomic level Quantum
76%
Y Sweet potato Yam
76%
O Marsupial found in the Americas Opossum
67%
G Artificial humanoid from Jewish folklore, brought to life by supernatural means Golem
59%
R Rare metal, symbol Rh, used for hardening platinum Rhodium
59%
Z Element with symbol Zr, extremely resistant to corrosion and heat, used in jet engines Zirconium
59%
B Chaos Bedlam
55%
S Ray of light which would reach us on a cloudless summer's day Sunbeam
55%
T Tempest of lightning and rain Thunderstorm
51%
A Panic Alarm
47%
V Nothing Vacuum
35%
X Tissue in plants which conducts water and nutrients upwards from the root Xylem
25%
I Metal element used in touch screens, TVs and solar panels Indium
22%
L The power to which a number must be raised to produce a given number Logarithm
18%
N Trailing plant with round leaves and warm-coloured flowers Nasturtium
12%
No matching quizzes found
Score Distribution
Percent of People with Each Score
Percentile by Number Answered
Your Score History
You have not taken this quiz